| 000 | 01218 a2200289 4500 | ||
|---|---|---|---|
| 003 | Nust | ||
| 005 | 20170207154045.0 | ||
| 020 | _a0-203-87505-6 | ||
| 020 | _a978-0-203-87505-6 | ||
| 035 | _a(AU-PeEL)EBL446935 | ||
| 035 | _a(OCoLC)449243651 | ||
| 040 | _cNust | ||
| 082 | 0 | 0 | _a338.4778 |
| 100 | 1 | _aThe Key Concepts. | |
| 245 | 1 | 0 |
_aMusic Business (E-Book) _h[Elektronisk resurs] : _bThe Key Concepts. |
| 260 |
_aHoboken : _bTaylor & Francis, _c2009. |
||
| 300 | _a1 online resource (209 p.) | ||
| 490 | 1 | _aRoutledge Key Guides | |
| 500 | _aDescription based upon print version of record. | ||
| 505 | 0 | _aBOOK COVER; TITLE; COPYRIGHT; CONTENTS; ACKNOWLEDGEMENTS; LIST OF KEY CONCEPTS; INTRODUCTION; MUSIC BUSINESS: The Key Concepts; BIBLIOGRAPHY; INDEX; | |
| 520 | _aOrganised in an accessible A-Z format and fully cross-referenced throughout, this book is a comprehensive guide to the terminology commonly used in the music business today. It embraces definitions from a number of relevant fields, from e-commerce to intellectual property law. | ||
| 650 | 4 | _aMusic trade -- Dictionaries. | |
| 650 | 4 | _aMusic trade. | |
| 651 | _a(E-Book) | ||
| 655 | 0 | _aElectronic books. | |
| 830 | 0 | _aRoutledge Key Guides | |
| 942 |
_2ddc _cBK |
||
| 999 |
_c192852 _d192852 |
||